|
|
|
|
| LEADER |
01245nam a22002411 4500 |
| 001 |
c000142713 |
| 003 |
CARM |
| 005 |
00000000000000.0 |
| 008 |
740506s1967 maua 00000 eng |
| 019 |
1 |
|
|a 677060
|5 LACONCORD2021
|
| 035 |
|
|
|a (OCoLC)561948
|5 LACONCORD2021
|
| 050 |
0 |
0 |
|a HF5548.2
|b .C583
|
| 245 |
0 |
0 |
|a Computers and management.
|c [By] Hershner Cross [and others]
|
| 260 |
|
|
|a Boston,
|b Harvard University, Graduate School of Business Administration,
|c 1967.
|
| 300 |
|
|
|a vii, 121 p.
|b illus.
|c 21 cm.
|
| 440 |
|
0 |
|a George H. Leatherbee lectures
|v 1967
|
| 505 |
0 |
|
|a A general management view of computers, by H. Cross.--Computers in operational planning, analysis, and control, by D. I. Lowry.--The computer's role in the "dividends or disaster" equation, by A. R. Zipf.--Computers in business and education, by G. Kozmetsky.--Future use of computers in large and complex organizations, by R. N. Anthony.
|
| 650 |
|
0 |
|a Electronic data processing.
|
| 700 |
1 |
|
|a Cross, Hershner.
|
| 852 |
8 |
|
|b CARM
|h A2:AE03G0
|i A00189
|p 0031118
|f BK
|
| 082 |
0 |
4 |
|a 658.5/05
|
| 999 |
f |
f |
|i 334897db-bfc2-5e37-ad41-c91148182521
|s b35da7ba-dea5-58a5-8cae-438e8f7471f9
|
| 952 |
f |
f |
|p Can circulate
|a CAVAL
|b CAVAL
|c CAVAL
|d CARM 1 Store
|e A00189
|f A2:AE03G0
|h Other scheme
|i book
|m 0031118
|